000 01650cam a2200313 4500500
005 20260322004504.0
041 _afre
042 _adc
100 1 0 _aBonte, Marie
_eauthor
700 1 0 _aAllard, Simon
_eauthor
700 1 0 _aClermont, Thomas
_eauthor
245 0 0 _aLe devenir des territoires post-conflits : l’exemple des fêtes nocturnes à Beyrouth
260 _c2025.
500 _a6
520 _aThis interview explores the lasting consequences of the civil war on the city of Beirut. Drawing on the notion of post-conflict, it describes how the city’s nightlife and festive scene allow to observe the religious tensions and social hierarchies that run through Lebanese society, but also to what extent they are a vector for its democratisation and pacification.
520 _aCet entretien explore les conséquences durables de la guerre civile sur la ville de Beyrouth. Il décrit, en s’appuyant sur la notion de post-conflit, en quoi la vie nocturne et festive dans la capitale est un terrain d’observation des tensions et des hiérarchies sociales qui traversent la société libanaise, mais aussi un vecteur de démocratisation et de pacification de celle-ci.
690 _aBeyrouth
690 _afête
690 _aguerre
690 _aLiban
690 _apost-conflit
690 _aBeirut
690 _acelebration
690 _aLebanon
690 _apost-conflict
690 _awar
786 0 _nRegards croisés sur l'économie | 36 | 1 | 2025-07-21 | p. 178-187 | 1956-7413
856 4 1 _uhttps://shs.cairn.info/revue-regards-croises-sur-leconomie-2025-1-page-178?lang=fr&redirect-ssocas=7080
999 _c1740798
_d1740798